Iron Man trilogy (2008-2013) character screen time - Statistics

General Stats
  • This quiz has been taken 67 times
  • The average score is 15 of 27
Answer Stats
first appearance screen time Answer % Correct
Iron Man 58:45 Pepper Potts
100%
Iron Man 36:45 Lt. Col. James "Rhodey" Rhodes
94%
Iron Man 200:45 Tony Stark
94%
Iron Man 22:00 Obadiah Stane
90%
Iron Man 2 9:15 Natasha Romanoff
86%
Iron Man 2 20:45 Ivan Vanko
84%
Iron Man 11:45 Harold "Happy" Hogan
82%
Iron Man 5:45 Director Nick Fury
80%
Iron Man 3 12:00 Aldrich Killian
75%
Iron Man 3 7:30 Trevor Slattery
71%
Iron Man 2 16:30 Justin Hammer
69%
Iron Man 5:45 Agent Phil Coulson
67%
The Incredible Hulk :45 Dr. Bruce Banner
67%
Iron Man 11:00 Professor Ho Yinsen
57%
Iron Man 3 6:15 Harley Keener
49%
Iron Man 2 2:00 Howard Stark
47%
Iron Man 3 8:45 Dr. Maya Hansen
45%
Iron Man 5:15 Christine Everhart
39%
Iron Man 6:00 Raza
37%
Iron Man 2 1:15 Anton Vanko
33%
Iron Man 3 2:00 President Matthew Ellis
33%
Iron Man 3 3:00 Ellen Brandt
25%
Iron Man 3 6:00 Eric Savin
25%
Iron Man 2 2:15 Senator Stern
22%
Iron Man 1:45 Abu Bakaar
16%
Iron Man 3 1:00 Vice-President Rodriguez
14%
Iron Man :45 William Ginter Riva
12%
No matching quizzes found
Score Distribution
Percent of People with Each Score
Percentile by Number Answered
Your Score History
You have not taken this quiz